| 000 | 00739nam a2200181Ia 4500 | ||
|---|---|---|---|
| 008 | 090124s9999 xx 000 0 und d | ||
| 082 | _b12674 | ||
| 100 | _a"मोकाशी , पु . के." | ||
| 245 | _a भारताचा आर्थिक इतिहास (1850ते 1950) | ||
| 250 | _a0 | ||
| 260 |
_b"ज्ञानविज्ञान प्रकाशन, ठाणे" _c1974 |
||
| 300 | _a117 | ||
| 600 | _a"मोकाशी , पु . के." | ||
| 630 | _a भारताचा आर्थिक इतिहास (1850ते 1950) | ||
| 700 | _a"मोकाशी , पु . के." | ||
| 730 | _a भारताचा आर्थिक इतिहास (1850ते 1950) | ||
| 942 | _cBOOK | ||
| 999 |
_c87171 _d87171 |
||